[Event "Challenge"]
[Site "http://www.queenalice.com/game.php?id=1346197"]
[Date "2015.3.8"]
[Round "-"]
[White "glaubergouveia"]
[Black "Galdino_78"]
[Result "1-0"]
[WhiteElo "1502"]
[BlackElo "1321"]

1. e4 e5 2. Nf3 Nc6 3. Bb5 a6 4. Bxc6 dxc6 5. Nxe5 Qf6 6. Nf3 c5 7. O-O Bd6 8.
Re1 g5 9. e5 Bxe5 10. Nxe5 Ne7 11. d4 c4 12. c3 O-O 13. Qh5 h6 14. Ng4 Bxg4 15.
Qxg4 Rfe8 16. h4 Rad8 17. Nd2 Nd5 18. Rxe8+ Rxe8 19. Ne4 Qg6 20. f3 f5 21. Qh3
fxe4 22. Qd7 gxh4 23. Qxd5+ Qf7 24. Qxf7+ Kxf7 25. Bxh6 1-0

[Event "Challenge"]
[Site "http://www.queenalice.com/game.php?id=1352995"]
[Date "2015.4.11"]
[Round "-"]
[White "fenix40rj"]
[Black "Galdino_78"]
[Result "0-1"]
[WhiteElo "1478"]
[BlackElo "1313"]

1. e4 e5 2. Nf3 d6 3. Nc3 Nc6 4. Bc4 Nb4 5. d3 a5 6. Ng5 h6 7. Nxf7 Qf6 8. Nxh8
d5 9. exd5 Bc5 10. f3 g5 11. Bb5+ Kf8 12. Ne4 Qb6 13. Bc4 Bd7 14. d6 cxd6 15. f4
gxf4 16. c3 Nc6 17. Qg4 Bxg4 18. d4 exd4 19. Nf7 dxc3 20. Nxc3 Re8+ 21. Kd2 Qb4
22. b3 a4 23. Rf1 Be3+ 24. Kc2 Nd4+ 25. Kd3 Be2+ 26. Nxe2 b5 27. a3 Qc5 28. b4
Qxc4# 0-1

[Event "tudo de novo"]
[Site "http://www.queenalice.com/game.php?id=1355481"]
[Date "2015.4.24"]
[Round "-"]
[White "Galdino_78"]
[Black "FC"]
[Result "0-1"]
[WhiteElo "1304"]
[BlackElo "1590"]

1. e4 e5 2. Nf3 d6 3. Bb5+ c6 4. Ba4 Nf6 5. Nc3 Be7 6. h4 Bg4 7. d4 O-O 8. Qd2
b5 9. Bb3 a5 10. a4 b4 11. Ne2 Qd7 12. dxe5 dxe5 13. Nxe5 Qxd2+ 14. Bxd2 Nbd7
15. f3 Bh5 16. g4 Nxe5 17. gxh5 Nxf3+ 18. Kd1 Rad8 19. h6 Nxd2 20. Ba2 Nfxe4 21.
Nd4 Rxd4 22. c3 bxc3 23. bxc3 Nxc3+ 24. Kc2 Nxa2 25. Rxa2 g6 26. Kc3 c5 27. Re1
Ne4+ 28. Kc2 Rd2+ 29. Kb3 Rb8+ 30. Ka3 Rd3# 0-1

[Event "tudo de novo"]
[Site "http://www.queenalice.com/game.php?id=1355482"]
[Date "2015.4.24"]
[Round "-"]
[White "Galdino_78"]
[Black "FC"]
[Result "0-1"]
[WhiteElo "1303"]
[BlackElo "1595"]

1. e4 e5 2. Nf3 d6 3. Nc3 Bg4 4. h3 Bxf3 5. Qxf3 Be7 6. Qg4 g6 7. h4 Nf6 8. Qf3
Nc6 9. g4 Qd7 10. g5 Nh5 11. Bc4 Nd4 12. Qd3 Qg4 13. Rf1 Nf3+ 14. Kd1 Nh2+ 15.
f3 Qg2 16. Ke1 Ng3 17. Rf2 Qh1+ 18. Rf1 Nhxf1 19. Kf2 Qh3 20. Ne2 Nh1+ 21. Ke1
Qg2 22. b4 Qf2+ 23. Kd1 Nhg3 24. Nxg3 Nxg3 25. Bb2 Qg1+ 26. Qf1 Nxf1 27. c3 Qf2
28. Kc2 Nxd2 29. Bd3 Nc4+ 30. Kb3 Nxb2 31. Bb5+ c6 32. Bf1 d5 33. Bh3 a5 34. a4
Nd3 35. Rd1 Qb2# 0-1

[Event "tudo de novo2"]
[Site "http://www.queenalice.com/game.php?id=1355483"]
[Date "2015.4.24"]
[Round "-"]
[White "FC"]
[Black "Galdino_78"]
[Result "1-0"]
[WhiteElo "1583"]
[BlackElo "1352"]

1. e3 e5 2. Nf3 d6 3. Bc4 Qf6 4. O-O c5 5. Nc3 Nc6 6. Ne4 Qf5 7. Neg5 Be6 8.
Bxe6 fxe6 9. d3 h6 10. Ne4 d5 11. Nxc5 Bxc5 12. Bd2 g5 13. c3 Qxd3 14. b4 Bb6
15. Re1 g4 16. Nh4 Nf6 17. b5 Na5 18. a4 Ne4 19. Bc1 Qxc3 20. Bb2 Qxb2 21. Rb1
1-0

[Event "Challenge"]
[Site "http://www.queenalice.com/game.php?id=1356326"]
[Date "2015.4.28"]
[Round "-"]
[White "glaubergouveia"]
[Black "Galdino_78"]
[Result "1-0"]
[WhiteElo "1511"]
[BlackElo "1312"]

1. e4 e5 2. Nf3 d6 3. Bc4 Nc6 4. d3 Qf6 5. h3 a6 6. h4 Bg4 7. Bg5 Qg6 8. h5 Bxh5
9. Qe2 Bxf3 10. Qxf3 Nd4 11. Qd1 1-0

[Event "Challenge"]
[Site "http://www.queenalice.com/game.php?id=1357447"]
[Date "2015.5.5"]
[Round "-"]
[White "reivipviana"]
[Black "Galdino_78"]
[Result "1-0"]
[WhiteElo "1394"]
[BlackElo "1324"]

1. e4 e5 2. Nf3 Nc6 3. c3 Nf6 4. d3 Bc5 5. h3 O-O 6. b4 Bb6 7. a4 a5 8. b5 Ne7
9. Nxe5 d5 10. f3 Qd6 11. Bf4 h6 12. exd5 Nfxd5 13. c4 Qb4+ 14. Nd2 Nxf4 15. Rb1
Qc3 16. Ng4 Nf5 17. Rc1 Nxd3+ 18. Bxd3 Qxd3 19. Ne5 Qe3+ 20. Qe2 Ng3 21. Qxe3
Bxe3 22. Rc2 Nxh1 23. Ke2 Bf4 24. Nd3 Re8+ 25. Kd1 Rd8 26. Nxf4 Bf5 27. Rb2 Nf2+
28. Ke2 Nh1 29. Nd5 Rd7 30. Ne3 Re8 31. Nb3 Bd3+ 32. Kd2 1-0

[Event "Challenge"]
[Site "http://www.queenalice.com/game.php?id=1364878"]
[Date "2015.6.11"]
[Round "-"]
[White "Petrucio"]
[Black "Galdino_78"]
[Result "1-0"]
[WhiteElo "1284"]
[BlackElo "1311"]

1. c4 e5 2. e4 Nc6 3. Qh5 g6 4. Qh3 Nd4 5. f3 Nc2+ 6. Kd1 Nxa1 7. b4 Bxb4 8. Bb2
c5 9. Bxa1 f5 10. exf5 gxf5 11. Bxe5 Nf6 12. Qxf5 d6 13. Bxf6 Bxf5 14. Bxd8 Rxd8
15. g4 Bxb1 16. Kc1 Bxa2 17. Kb2 Bxc4 18. Bxc4 Bxd2 19. Bb5+ Kf7 20. Kc2 Bb4 21.
Bc4+ d5 22. h4 dxc4 23. Ne2 Rd2+ 24. Kb1 Rxe2 25. Rc1 b5 26. Rd1 c3 27. Rd7+ Ke6
28. Rxa7 1-0

[Event "Challenge"]
[Site "http://www.queenalice.com/game.php?id=1364879"]
[Date "2015.6.11"]
[Round "-"]
[White "Petrucio"]
[Black "Galdino_78"]
[Result "1-0"]
[WhiteElo "1226"]
[BlackElo "1336"]

1. e4 e5 2. h4 Nf6 3. Qf3 c5 4. Nc3 Na6 5. Qf5 d6 6. Qg5 h6 7. Qg3 h5 8. Nd5 Nb4
9. Bb5+ Nd7 10. Qg5 Nxc2+ 11. Ke2 Nd4+ 12. Kd3 f6 13. Qg6# 1-0

[Event "Challenge"]
[Site "http://www.queenalice.com/game.php?id=1364880"]
[Date "2015.6.11"]
[Round "-"]
[White "Petrucio"]
[Black "Galdino_78"]
[Result "0-1"]
[WhiteElo "1247"]
[BlackElo "1313"]

1. Nc3 e5 2. Nf3 f6 3. Nh4 g5 4. Nd5 gxh4 5. e4 c6 6. Nc3 d6 7. Ne2 c5 8. c4 Nc6
9. h3 a5 10. a4 Nb4 11. Ra3 f5 12. g4 fxe4 13. Re3 h5 14. Rxe4 Nf6 15. Re3 hxg4
16. Rg1 Be6 17. Rxg4 Nxg4 18. Rb3 Nh2 19. Re3 d5 20. Rxe5 Nf3# 0-1

[Event "Challenge"]
[Site "http://www.queenalice.com/game.php?id=1364881"]
[Date "2015.6.11"]
[Round "-"]
[White "Petrucio"]
[Black "Galdino_78"]
[Result "1-0"]
[WhiteElo "1301"]
[BlackElo "1294"]

1. Nc3 e5 2. g3 Nc6 3. Nd5 d6 4. c4 Nd4 5. e3 Nb5 6. cxb5 c6 7. Qc2 cxd5 8. Qd3
Nf6 9. Qc3 Qe7 10. e4 d4 11. Qc4 Nxe4 12. Qd5 f5 13. Bh3 g6 14. d3 Nf6 15. Bg5
Nxd5 16. Bxe7 Bxe7 17. Nf3 a6 18. b6 Nxb6 19. Rc1 Na4 20. Rc4 Nxb2 21. Ke2 d5
22. Rb4 Bxb4 23. Rb1 Ba3 24. Nh4 Bd7 25. Nf3 Bb5 26. Nxe5 1-0

[Event "Challenge"]
[Site "http://www.queenalice.com/game.php?id=1368959"]
[Date "2015.7.1"]
[Round "-"]
[White "Galdino_78"]
[Black "FC"]
[Result "0-1"]
[WhiteElo "1261"]
[BlackElo "1644"]

1. e4 e5 2. Nf3 d6 3. d4 exd4 4. Qxd4 Nc6 5. Qd5 Nge7 6. Qc4 Be6 7. Qb5 Qb8 8.
Nc3 a6 9. Qd3 Ng6 10. h4 Nb4 11. Qd2 Be7 12. Qd4 Nxc2+ 13. Kd1 Nxd4 14. Nxd4
Bg4+ 15. f3 Be6 16. h5 Ne5 17. f4 Bg4+ 18. Ke1 Nc6 19. f5 Nxd4 20. Bd3 b5 21. b4
c5 22. Rh4 Bxh4+ 23. Kf1 c4 24. Be2 Bxe2+ 25. Nxe2 Nxe2 26. Kxe2 h6 27. Bf4 O-O
28. Rd1 Qe8 29. Ke3 Rd8 30. g3 Bg5 31. Rd5 Bxf4+ 32. Kxf4 g5+ 33. Kf3 f6 34. a3
Qxh5+ 35. Kg2 Qe2+ 36. Kh3 h5 37. a4 Qxe4 38. Rd2 Qxf5+ 39. Kg2 g4 40. axb5 Qf3+
41. Kg1 Qe3+ 42. Rf2 Rfe8 43. Kf1 Qd3+ 44. Kg2 Re2 45. bxa6 Qf3+ 46. Kg1 Qxf2+
47. Kh1 Qg2# 0-1

[Event "Challenge"]
[Site "http://www.queenalice.com/game.php?id=1368960"]
[Date "2015.7.1"]
[Round "-"]
[White "FC"]
[Black "Galdino_78"]
[Result "1-0"]
[WhiteElo "1676"]
[BlackElo "1259"]

1. e4 e5 2. Bc4 Nf6 3. d3 c6 4. Nf3 b5 5. Bb3 a5 6. Ng5 a4 7. Nxf7 Qa5+ 8. Bd2
Qb6 9. Nxh8 axb3 10. cxb3 d6 11. Nc3 Qd4 12. Ne2 Qxd3 13. Nc1 Qxe4+ 14. Qe2 Qxg2
15. Rf1 Qxh2 16. Bg5 Bg4 17. f3 Qxe2+ 18. Nxe2 Bh5 19. Ng3 Bg6 20. Nxg6 hxg6 21.
Ne4 Be7 22. Nxf6+ gxf6 23. Bh6 Na6 24. a4 Nb4 25. Rd1 f5 26. Rh1 bxa4 27. Rd2
axb3 28. Be3 Ra1+ 29. Rd1 Nc2+ 30. Kd2 c5 31. Rxa1 f4 32. Ra8+ Kf7 33. Rh7+ Ke6
34. Bf2 e4 35. fxe4 Bg5 36. Re8+ Kf6 37. Rd7 f3+ 38. Kc3 Na1 39. Rxd6+ Kf7 40.
Rc8 Ke7 41. Rxg6 Bf6+ 42. Kc4 Nc2 43. Bxc5+ Kf7 44. Rgg8 f2 45. Bxf2 Bxb2 46.
Kxb3 Nb4 47. Kxb4 Kf6 48. Rcf8+ Ke5 49. Re8+ Kf4 50. Rgf8+ Kg4 51. e5 Bc1 52.
Re7 Kh3 53. Rg8 Bd2+ 54. Kc4 Bc1 55. Rh7+ Bh6 56. Rxh6# 1-0

[Event "Challenge"]
[Site "http://www.queenalice.com/game.php?id=1373883"]
[Date "2015.7.28"]
[Round "-"]
[White "dejami"]
[Black "Galdino_78"]
[Result "1-0"]
[WhiteElo "1743"]
[BlackElo "1326"]

1. e4 e5 2. Bc4 Nf6 3. Qf3 Nc6 4. c3 h5 5. d3 a6 6. Bg5 b5 7. Bd5 Be7 8. Bb3 d6
9. h3 Na5 10. Bd5 c6 11. Bb3 h4 12. Ne2 Rh5 13. Bd2 g6 14. Bc2 Be6 15. b4 Nb7
16. d4 Qb6 17. Be3 Rc8 18. dxe5 Qd8 19. exf6 Bxf6 20. a3 1-0